Travi$ Scott Discography - Statistics

General Stats
  • This quiz has been taken 29 times
  • The average score is 3 of 9
Answer Stats
Year Name Type % Correct
2015 Rodeo Album
100%
2014 Days Before Rodeo Mixtape
92%
2016 Birds in the Trap Sing McKnight Album
72%
2013 Owl Pharaoh Mixtape
56%
2009 B.A.P.E. EP (Collab)
8%
2011 Cruis'n USA Mixtape (Collab)
8%
2009 Buddy Rich EP (Collab)
4%
2010 The Classmates EP EP (Collab)
4%
2008 The Graduates EP EP (Collab)
4%
No matching quizzes found
Score Distribution
Percent of People with Each Score
Percentile by Number Answered
Your Score History
You have not taken this quiz